|
|
|
|
| LEADER |
01348nam a2200301 a 4500 |
| 001 |
7585 |
| 003 |
BD-DhAAL |
| 005 |
20150309112706.0 |
| 008 |
150309s2008 njua b 001 0 eng |
| 010 |
|
|
|a 2007051634
|
| 020 |
|
|
|a 9780470260364 (cloth)
|
| 040 |
|
|
|a DLC
|c DLC
|d DLC
|d BD-DhAAL
|
| 050 |
0 |
0 |
|a HF5386
|b .S886 2008
|
| 082 |
0 |
0 |
|a 658.4/09
|2 22
|
| 100 |
1 |
|
|a Stull, Craig.
|9 9260
|
| 245 |
1 |
0 |
|a Tuned in :
|b uncover the extraordinary opportunities that lead to business breakthroughs /
|c Craig Stull, Phil Myers, and David Meerman Scott.
|
| 260 |
|
|
|a Hoboken, N.J. :
|b J. Wiley & Sons,
|c c2008.
|
| 300 |
|
|
|a xv, 203 p. :
|b ill. ;
|c 24 cm.
|
| 504 |
|
|
|a Includes bibliographical references (p. 175-182) and index.
|
| 541 |
|
|
|e 7585
|
| 650 |
|
0 |
|a Success in business.
|9 9261
|
| 650 |
|
0 |
|a Creative ability in business.
|9 8878
|
| 700 |
1 |
|
|a Myers, Phil.
|9 9262
|
| 700 |
1 |
|
|a Scott, David Meerman.
|9 9263
|
| 942 |
|
|
|2 ddc
|c BK
|
| 999 |
|
|
|c 33938
|d 33938
|
| 952 |
|
|
|0 0
|1 0
|2 ddc
|4 0
|6 658_409000000000000_STU
|7 0
|9 52973
|a SCL
|b SCL
|c GEN
|d 2015-03-09
|e Gift: The Asia Foundation
|l 0
|o 658.409 STU
|p 3020007585
|r 2015-03-09
|t 1
|w 2015-03-09
|y BK
|
| 952 |
|
|
|0 0
|1 0
|2 ddc
|4 0
|6 658_409000000000000_STU
|7 0
|9 55111
|a BRACUL
|b BRACUL
|c GEN
|d 2015-08-04
|e BRAC Institute of Language (BIL)
|l 0
|o 658.409 STU
|p 3010029571
|r 2015-08-04
|t 2
|w 2015-08-04
|y BK
|x Transferred from BIL to BRACUL on 06/06/22
|